Uplatnenie marketingu pri príprave vzdelávacích aktivít v rámci ďalšieho profesijného vzdelávania

Prezentácia nárokov vybraných zamestnávateľských subjektov na prijímaných zamestnancov a hodnotenie kvalifikačnej pripravenosti absolventov škôl. Význam marketingu pri príprave vzdelávania. Marketingové nástroje.

Guardado en:
Detalles Bibliográficos
Autor principal: Matulčíková, Marta, 1964-
Formato: Capítulo de libro
Lenguaje:eslovaco
Materias:
Etiquetas: Agregar Etiqueta
Sin Etiquetas, Sea el primero en etiquetar este registro!

MARC

LEADER 00000naa$a2200000$$$4500
001 0067445
005 20240502071817.7
041 0 |a slo 
044 |a SK 
245 1 0 |a Uplatnenie marketingu pri príprave vzdelávacích aktivít v rámci ďalšieho profesijného vzdelávania  |c Marta Matulčíková 
520 |a Prezentácia nárokov vybraných zamestnávateľských subjektov na prijímaných zamestnancov a hodnotenie kvalifikačnej pripravenosti absolventov škôl. Význam marketingu pri príprave vzdelávania. Marketingové nástroje. 
610 2 0 |a vzdelávanie 
610 2 0 |a marketing 
610 2 0 |a školy 
610 2 0 |a nástroje marketingové 
100 1 |a Matulčíková, Marta, 1964-